000 00238nam a22000977a 4500
040 _cSY
100 _aអ៊ុក កូម៉ារ៉ា
245 _aដំណាំមេកាកាវ
260 _aRUA
_bអ៊ុក
_c1996
942 _cKB
999 _c9148
_d9148